| 000 | 00800nam a22002297a 4500 | ||
|---|---|---|---|
| 999 |
_c2193 _d2193 |
||
| 003 | AR-CdUCM | ||
| 008 | 190304b ||||| |||| 00| 0 spa d | ||
| 040 |
_aMUNICIPALIDAD PROVINCIAL DEL CUSCO _cBIBLIOTECA MUNICIPAL DEL CUSCO |
||
| 082 |
_a869.56 / _bM26 |
||
| 100 |
_aMariátegui, José Carlos _97913 |
||
| 245 |
_aEscritos Juveniles : _bLa Edad de Piedra / |
||
| 260 |
_aLima : _bAmauta ; _c1994. |
||
| 300 |
_a284 páginas _bilustraciones _c21cm |
||
| 440 |
_aBiblioteca Amauta, Obras Completas de José Carlos Mariátegui _nVoces V _97914 |
||
| 505 | _aLiteratura | ||
| 650 |
_aLiteratura peruana _97175 |
||
| 650 |
_aLiteratura Contemporánea siglo XX _97915 |
||
| 700 |
_aAlberto Tauro (compilación) _97916 |
||
| 710 |
_aBiblioteca Lima _97917 |
||
| 942 |
_2ddc _cLIBROS |
||
| 945 | _anom | ||